[Event "Tata Steel India Blitz (Women)"]
[Site "Kolkata"]
[Date "2024.11.17"]
[Round "17"]
[White "Gunina, Valentina"]
[Black "Vantika, Agrawal"]
[Result "1-0"]
[WhiteElo "2425"]
[BlackElo "2392"]
[PlyCount "93"]
[EventDate "2024.11.16"]
[EventType "tourn (blitz)"]
[EventRounds "18"]
[EventCountry "IND"]
[EventCategory "10"]
[SourceTitle "CB47_2024"]
[SourceDate "2024.11.20"]
[SourceVersion "1"]
[SourceVersionDate "2024.11.20"]
[SourceQuality "1"]

1. d4 Nf6 2. c4 e6 3. Nf3 d5 4. Nc3 Bb4 5. Bg5 h6 6. Bxf6 Qxf6 7. Qa4+ Nc6 8. e3 0-0 9. Be2 dxc4 10. 0-0 Bxc3 11. bxc3 Bd7 12. Bxc4 Rfd8 13. Qa3 Qe7 14. Qxe7 Nxe7 15. Rab1 b6 16. Ne5 Be8 17. Rfd1 Nc6 18. Nd3 Na5 19. Ba6 Kf8 20. c4 Bc6 21. c5 Be4 22. Rbc1 Bd5 23. Nb4 Bb7 24. Bd3 Bd5 25. e4 Bb7 26. c6 Bc8 27. Be2 a6 28. f4 b5 29. Kf2 Ke7 30. Ke3 f6 31. g4 Rb8 32. Rd2 Rb6 33. Rdc2 Rd6 34. e5 Rd8 35. Rc5 Nc4+ 36. Bxc4 bxc4 37. R1xc4 Rh8 38. d5 fxe5 39. fxe5 h5 40. g5 Rf8 41. Rd4 Rd8 42. g6 Rb5 43. Rxb5 axb5 44. Rf4 exd5 45. Rf7+ Ke6 46. Kd4 Rh8 47. Nd3 1-0

[Event "Tata Steel India Blitz (Women)"]
[Site "Kolkata"]
[Date "2024.11.17"]
[Round "15"]
[White "Lagno, Kateryna"]
[Black "Vantika, Agrawal"]
[Result "1-0"]
[WhiteElo "2527"]
[BlackElo "2392"]
[PlyCount "55"]
[EventDate "2024.11.16"]
[EventType "tourn (blitz)"]
[EventRounds "18"]
[EventCountry "IND"]
[EventCategory "10"]
[SourceTitle "CB47_2024"]
[SourceDate "2024.11.20"]
[SourceVersion "1"]
[SourceVersionDate "2024.11.20"]
[SourceQuality "1"]

1. e4 e6 2. Nf3 d5 3. Nc3 Nf6 4. e5 Nfd7 5. d4 c5 6. Ne2 Nc6 7. c3 Be7 8. a3 0-0 9. Nf4 Qa5 10. Bd3 Nxd4 11. Nxd4 cxd4 12. Qh5 g6 13. Nxg6 fxg6 14. Bxg6 hxg6 15. Qxg6+ Kh8 16. Qh5+ Kg8 17. Qg6+ Kh8 18. Bh6 Rg8 19. Qh5 Rxg2 20. Kf1 Qd8 21. Kxg2 Qg8+ 22. Bg5+ Kg7 23. Bxe7 Qh7 24. Bf6+ Kg8 25. Qe8+ Nf8 26. Rhg1 Qe4+ 27. Kh3+ Kh7 28. Qh5# 1-0

[Event "Tata Steel India Blitz (Women)"]
[Site "Kolkata"]
[Date "2024.11.17"]
[Round "18"]
[White "Vantika, Agrawal"]
[Black "Divya, Deshmukh"]
[Result "1/2-1/2"]
[WhiteElo "2392"]
[BlackElo "2493"]
[PlyCount "111"]
[EventDate "2024.11.16"]
[EventType "tourn (blitz)"]
[EventRounds "18"]
[EventCountry "IND"]
[EventCategory "10"]
[SourceTitle "CB47_2024"]
[SourceDate "2024.11.20"]
[SourceVersion "1"]
[SourceVersionDate "2024.11.20"]
[SourceQuality "1"]

1. d4 d5 2. c4 e6 3. Nf3 Nf6 4. g3 dxc4 5. Bg2 Bb4+ 6. Bd2 a5 7. a3 Bxd2+ 8. Nbxd2 b5 9. b3 cxb3 10. Qxb3 c6 11. 0-0 0-0 12. Rfc1 Nbd7 13. Qb2 Qb6 14. Ne1 Nd5 15. Nd3 Ba6 16. Ne4 Rfb8 17. Nec5 Nxc5 18. Nxc5 Qd8 19. e3 b4 20. axb4 Rxb4 21. Qd2 Bc8 22. Bxd5 exd5 23. Qxb4 axb4 24. Rxa8 h6 25. Nd3 Qc7 26. Rca1 Kh7 27. Nxb4 Bh3 28. Nc2 Qe7 29. Ne1 Qe4 30. R8a3 h5 31. f3 Qe6 32. Rc3 h4 33. Kf2 hxg3+ 34. hxg3 Qd6 35. Nd3 Bd7 36. Ne5 Be8 37. Rca3 f6 38. Nd3 Qb8 39. Ra8 Qb3 40. Rxe8 Qxd3 41. Rh1+ Kg6 42. g4 c5 43. dxc5 Qc2+ 44. Kg3 Qxc5 45. Rd1 Qc7+ 46. f4 Kf7 47. Ra8 Qc3 48. Ra7+ Kg8 49. Kf3 Qc6 50. Rd4 Qc1 51. Ra8+ Kh7 52. Rd8 Qf1+ 53. Kg3 Qg1+ 54. Kf3 Qf1+ 55. Kg3 Qg1+ 56. Kf3 1/2-1/2

[Event "Tata Steel India Blitz (Women)"]
[Site "Kolkata"]
[Date "2024.11.17"]
[Round "11"]
[White "Vantika, Agrawal"]
[Black "Kosteniuk, Alexandra"]
[Result "1/2-1/2"]
[WhiteElo "2392"]
[BlackElo "2487"]
[PlyCount "137"]
[EventDate "2024.11.16"]
[EventType "tourn (blitz)"]
[EventRounds "18"]
[EventCountry "IND"]
[EventCategory "10"]
[SourceTitle "CB47_2024"]
[SourceDate "2024.11.20"]
[SourceVersion "1"]
[SourceVersionDate "2024.11.20"]
[SourceQuality "1"]

1. d4 Nf6 2. c4 e6 3. Nf3 Bb4+ 4. Bd2 Qe7 5. g3 d5 6. Bg2 0-0 7. 0-0 dxc4 8. Qc2 b5 9. a4 bxa4 10. Rxa4 Bxd2 11. Nfxd2 Nd5 12. Nxc4 Bd7 13. Ra1 Nc6 14. Rd1 Ncb4 15. Qc1 Rfc8 16. e4 Nb6 17. Na5 e5 18. d5 h5 19. h4 c6 20. d6 Qf6 21. Nc3 c5 22. Nb3 Be6 23. Na5 c4 24. Qd2 Rd8 25. Qe2 Rd7 26. Rd2 Rad8 27. Rad1 Bg4 28. f3 Be6 29. Qe3 Qg6 30. Kh2 Rc8 31. Qe2 Nd3 32. b3 Nb4 33. Nxc4 Nxc4 34. bxc4 Bxc4 35. Qe3 Rc6 36. Bh3 Rdxd6 37. Qxa7 Rxd2+ 38. Rxd2 Be6 39. Qa8+ Kh7 40. Bxe6 Qxe6 41. Nd5 Rc2 42. Rxc2 Nxc2 43. Qa5 Nd4 44. Kg2 Qc6 45. Qd2 f6 46. Ne3 Qb5 47. Nf5 Nxf5 48. exf5 Qb1 49. g4 hxg4 50. fxg4 Qe4+ 51. Kg3 Qh1 52. Qe2 Qg1+ 53. Kh3 Qd4 54. g5 fxg5 55. hxg5 Kg8 56. Qa2+ Kf8 57. Qa8+ Ke7 58. Qb7+ Kf8 59. Qc8+ Ke7 60. Qe6+ Kf8 61. g6 Qe3+ 62. Kg2 Qe2+ 63. Kg3 Qe3+ 64. Kg4 Qf4+ 65. Kh3 Qf3+ 66. Kh2 Qf2+ 67. Kh3 Qf3+ 68. Kh2 Qf2+ 69. Kh3 1/2-1/2

[Event "Tata Steel India Blitz (Women)"]
[Site "Kolkata"]
[Date "2024.11.16"]
[Round "3"]
[White "Vantika, Agrawal"]
[Black "Goryachkina, Aleksandra"]
[Result "0-1"]
[WhiteElo "2392"]
[BlackElo "2528"]
[PlyCount "90"]
[EventDate "2024.11.16"]
[EventType "tourn (blitz)"]
[EventRounds "18"]
[EventCountry "IND"]
[EventCategory "10"]
[SourceTitle "CB47_2024"]
[SourceDate "2024.11.20"]
[SourceVersion "1"]
[SourceVersionDate "2024.11.20"]
[SourceQuality "1"]

1. d4 Nf6 2. c4 e6 3. Nf3 d5 4. Nc3 Nbd7 5. Qc2 c6 6. e3 Bd6 7. g4 h6 8. g5 hxg5 9. Nxg5 Qe7 10. Bd2 b6 11. h4 Bb7 12. cxd5 Nxd5 13. e4 Nxc3 14. bxc3 0-0-0 15. Qa4 Kb8 16. e5 Nxe5 17. dxe5 Bxe5 18. 0-0-0 Rd5 19. Nf3 Ra5 20. Qb3 Bd6 21. a4 Rd8 22. Bg5 f6 23. Be3 c5 24. Bg2 c4 25. Qc2 e5 26. h5 Qe8 27. Nh4 Bxg2 28. Nxg2 Rxa4 29. Kd2 Qc6 30. Rhg1 Ra5 31. Ke2 Qe8 32. Qf5 e4 33. Nh4 Rxf5 34. Nxf5 Qxh5+ 35. Ke1 Qxf5 36. Rxg7 Bc7 37. Rxd8+ Bxd8 38. Rg8 Kc8 39. Bd4 Kd7 40. Rg7+ Be7 41. Rg8 Ke6 42. Ra8 Qa5 43. Ke2 f5 44. f3 Qa2+ 45. Kf1 exf3 0-1

[Event "Tata Steel India Blitz (Women)"]
[Site "Kolkata"]
[Date "2024.11.16"]
[Round "6"]
[White "Vantika, Agrawal"]
[Black "Lagno, Kateryna"]
[Result "1/2-1/2"]
[WhiteElo "2392"]
[BlackElo "2527"]
[PlyCount "35"]
[EventDate "2024.11.16"]
[EventType "tourn (blitz)"]
[EventRounds "18"]
[EventCountry "IND"]
[EventCategory "10"]
[SourceTitle "CB47_2024"]
[SourceDate "2024.11.20"]
[SourceVersion "1"]
[SourceVersionDate "2024.11.20"]
[SourceQuality "1"]

1. d4 Nf6 2. c4 e6 3. Nf3 d5 4. g3 Be7 5. Bg2 0-0 6. 0-0 dxc4 7. Qc2 a6 8. a4 Nc6 9. Qxc4 Na5 10. Qc2 Nc6 11. Rd1 Nb4 12. Qb3 Qd5 13. Nbd2 Qxb3 14. Nxb3 Nc2 15. Ra2 Nb4 16. Ra1 Nc2 17. Ra2 Nb4 18. Ra1 1/2-1/2